000 02679nam2a22003131 4500
001 v19\rc\2021309
005 20251118181432.7
035 _a(NLR Aleph) 005101623
090 _a7398800
_c7398800
100 _a20080925d1916 u y0rusy50 ca
101 0 _arus
102 _aRU
105 _ay z |||||
200 1 _a[Крымская санаторно-курортная организация Земского и Городского союзов, желательная ее конструкция и дальнейшее усовершенствование
_f[Соч.] А.Н. Меркулова
210 _d1916
215 _a73 с.
423 0 _11010#$arus
_12001#$aИз деятельности Ялтинского уездного комитета Всероссийского земского союза
_tИз деятельности Ялтинского уездного комитета Всероссийского земского союза
423 0 _11010#$arus
_12001#$aОтчет по обследованию кумысолечебных заведений Городского и Земского союзов в 1916 г.$f[Соч.] А.Н. Рубеля]
_1700#1$aРубель$bА.Н.
_tОтчет по обследованию кумысолечебных заведений Городского и Земского союзов в 1916 г.
_aРубель, А.Н.
461 0 _1001v19\rc\2021306
_12001#$aМатериалы по организации санаторно-курортного лечения больных и раненых воинов$eВып. 1-$fОбъед. санатор.-курорт. комис. при Гл. ком. зем. и гор. союза$vВып. 3
_97398773
_aВсероссийский земский союз. Главный ком.
_cМосква
_d[1916]-[1917]
_fОбъед. санатор.-курорт. комис. при Гл. ком. зем. и гор. союза
_oВып. 1-
_tМатериалы по организации санаторно-курортного лечения больных и раненых воинов
_vВып. 3
540 1 _aКрымская санаторно-курортная организация Земского и Городского союзов, желательная ее конструкция и дальнейшее усовершенствование
700 1 _aМеркулов
_bА.Н.
_f1869-1923
_gАлександр Николаевич
801 0 _aRU
_bNLR
_gpsbo
801 0 _aRU
_bRuMoRGB
_2psbo
801 1 _aRU
_bProSoft-M
_2rusmarc
852 _aNLR
_j37.77.2.24
899 _aRuMoRGB
_jV 156/154
899 _aRuMoRGB
_jV 257/21
942 _cBOOK
980 _aNB